| 000 | 00799nam a2200229Ia 4500 | ||
|---|---|---|---|
| 003 | GCL | ||
| 008 | 140319s9999 xx 000 0 ara d | ||
| 020 | _a0222105977 | ||
| 040 |
_aGCL / _cGCL |
||
| 082 | 0 | 4 |
_a362.4 _bم أ |
| 100 | 1 | _aزينب محمود شقير | |
| 245 | 1 | 0 |
_aاضطراب التوحد / _cزينب محمود شقير |
| 700 | 1 | _aمحمد سيد موسى | |
| 260 |
_aالقاهرة : _bمكتبة الانجلوالمصرية ، _c2007 |
||
| 300 |
_a173 ص ؛ _c24 سم |
||
| 650 | 0 | 4 | _aالاطفال - رعاية ذهنية |
| 650 | 0 | 4 | _aالاطفال المعوقون - رعاية وعلاج |
| 650 | 0 | 4 | _aالتوحد ( امراض نفسية ) |
| 650 | 0 | 4 | _aالعقل - اضطرابات |
| 650 | 0 | 4 | _aالامراض العقلية - تشخيص |
| 942 |
_2ddc _cBK |
||
| 999 |
_c9795 _d9795 |
||